| 000 | 00890nam a2200205 a 4500 | ||
|---|---|---|---|
| 001 | 000138957 | ||
| 003 | AM-YEHGA | ||
| 005 | 20250617122855.0 | ||
| 008 | 030329s1971 ru ||||gr|||||||||0|rusxd | ||
| 040 | _aAM-YeHGA | ||
| 041 | 0 | _arus | |
| 245 | 0 | 0 |
_aОсвоение космического пространства в СССР : _bОфициальные сообщения тасс и материалы центральной печати, 1957-1967 гг. / _cАН СССР. Ин-т космических исследований ; Отв. ред. Г.А. Скуридин. |
| 260 |
_aМосква : _bНаука, _c1971. |
||
| 300 | _a556 с. | ||
| 650 | 1 | 4 | _aКосмонавтика в СССР |
| 700 | 1 |
_aСкуридин, Г.А. _eред. _4edt |
|
| 710 | 2 | _aИнститут космических исследований АН СССР | |
| 942 |
_2udc _cBK |
||
| 090 | _c47412 | ||
| 999 |
_c46665 _d46665 |
||